[Event "World Women's Team Pool B"]
[Site "Linares ESP"]
[Date "2025.11.18"]
[Round "1.13"]
[White "Padmini, Rout"]
[Black "Ushenina, Anna"]
[Result "1-0"]
[WhiteTitle "IM"]
[BlackTitle "GM"]
[WhiteElo "2337"]
[BlackElo "2423"]
[WhiteTeam "India"]
[BlackTeam "Ukraine"]
[WhiteFideId "5029295"]
[BlackFideId "14110911"]
[EventDate "2025.11.18"]

1. e4 d6 2. d4 Nf6 3. Nc3 e5 4. Nf3 Nbd7 5. Bc4 Be7 6. O-O O-O 7. a4 c6 8. Re1
h6 9. h3 Re8 10. a5 Qc7 11. Bf1 exd4 12. Nxd4 Nf8 13. Bf4 Ne6 14. Bh2 Nxd4 15.
Qxd4 Be6 16. Red1 Red8 17. f4 Ne8 18. Kh1 Bf6 19. Qe3 Qe7 20. Bd3 Nc7 21. e5
dxe5 22. fxe5 Bg5 23. Qe4 g6 24. Qf3 Bd5 25. Ne4 Bxe4 26. Qxe4 a6 27. Bc4 Kg7
28. Rf1 Ne6 29. Bg1 Rd7 30. Ra3 Rf8 31. Raf3 Qe8 32. Bb6 Bd8 33. Bxd8 Rxd8 34.
Rf6 Ng5 35. Qe3 Rd7 36. e6 Re7 37. Qc3 Kh7 38. exf7 Qd7 39. Bd3 Ne4 40. Bxe4
Rxe4 41. Qg3 g5 42. Qa3 Qe7 43. Qf3 Rh4 44. g3 Rxh3+ 45. Kg2 Qd7 46. Rf5 h5 47.
Qe4 Kh8 48. Kxh3 Rxf7 49. Qe5+ Kh7 50. Kg2 Re7 51. Qxe7+ 1-0

[Event "World Women's Team Pool B"]
[Site "Linares ESP"]
[Date "2025.11.18"]
[Round "1.14"]
[White "Buksa, Nataliya"]
[Black "Nandhidhaa, P V"]
[Result "1/2-1/2"]
[WhiteTitle "IM"]
[BlackTitle "WGM"]
[WhiteElo "2400"]
[BlackElo "2302"]
[WhiteTeam "Ukraine"]
[BlackTeam "India"]
[WhiteFideId "14123622"]
[BlackFideId "5050847"]
[EventDate "2025.11.18"]

1. d4 Nf6 2. Nf3 g6 3. c4 Bg7 4. Nc3 d6 5. Bg5 O-O 6. Qd2 Bf5 7. Bh6 e5 8. Bxg7
Kxg7 9. e3 Ne4 10. Nxe4 Bxe4 11. Be2 Nc6 12. O-O Qf6 13. Rad1 Rfe8 14. b4 exd4
15. exd4 h6 16. h3 Ne7 17. Nh2 h5 18. d5 Bf5 19. Nf3 Bd7 20. Rfe1 Nf5 21. Bd3
Nh4 22. Nxh4 Qxh4 23. Bf1 Qf6 24. c5 b6 25. c6 Bf5 26. Ba6 Rad8 27. Re3 Re5 28.
Rde1 Rde8 29. Bf1 Be4 30. Bc4 Qg5 31. g3 Bf3 32. Qd4 f6 33. Rxe5 fxe5 34. Qe3
Qf5 35. Kh2 Rf8 36. Bb3 Qf6 37. Kg1 Qf5 38. Kh2 Qf6 39. a4 h4 40. Bc4 e4 41. Be2
hxg3+ 42. fxg3 Qb2 43. b5 Rf5 44. Kg1 Qe5 45. Kh2 Qb2 46. Kg1 Qe5 47. Kh2 Qxd5
48. Bxf3 exf3 49. Rf1 Rf7 50. Rf2 Qf5 51. Kg1 Qb1+ 52. Rf1 Qf5 53. Qd4+ Qe5 54.
Qxe5+ dxe5 55. Kf2 e4 56. Ke3 Re7 57. Rd1 Kf6 58. Rd5 Ke6 59. Rg5 Kf6 60. Rd5
Ke6 61. Rd4 Kf5 62. Rd5+ Ke6 63. Rd4 Kf5 64. Rd8 Kf6 65. Rf8+ Kg7 66. Rd8 Kf6
67. Rf8+ Kg7 68. Rd8 Kf6 1/2-1/2

[Event "World Women's Team Pool B"]
[Site "Linares ESP"]
[Date "2025.11.18"]
[Round "1.15"]
[White "Savitha, Shri B"]
[Black "Zhukova, Natalia"]
[Result "1-0"]
[WhiteTitle "IM"]
[BlackTitle "GM"]
[WhiteElo "2319"]
[BlackElo "2322"]
[WhiteTeam "India"]
[BlackTeam "Ukraine"]
[WhiteFideId "35061887"]
[BlackFideId "14101513"]
[EventDate "2025.11.18"]

1. e4 e6 2. d4 d5 3. e5 c5 4. c3 Nc6 5. Nf3 Bd7 6. Be2 Nge7 7. O-O Nf5 8. dxc5
Bxc5 9. b4 Bb6 10. b5 Na5 11. Bd3 Rc8 12. a4 Nh4 13. Ra2 Ng6 14. Re1 h6 15. g3
O-O 16. h4 f5 17. h5 Ne7 18. Nd4 Qe8 19. Kg2 Qf7 20. Bf4 Rc7 21. Be2 Rfc8 22.
Qd3 Nc4 23. Qf3 a6 24. Na3 Ba5 25. Rc1 g5 26. hxg6 Nxg6 27. Nxc4 dxc4 28. Rh1
Rc5 29. Rxh6 Nxe5 30. Bxe5 Rxe5 31. Ra1 Bd8 32. Rah1 Bf6 33. Qxb7 axb5 34. Rxf6
Bc6+ 35. Qxc6 Rxc6 36. Rxf7 1-0

[Event "World Women's Team Pool B"]
[Site "Linares ESP"]
[Date "2025.11.18"]
[Round "1.16"]
[White "Piddubna, Bozhena"]
[Black "Srija, Seshadri"]
[Result "1-0"]
[WhiteTitle "WFM"]
[BlackTitle "WGM"]
[WhiteElo "2302"]
[BlackElo "2285"]
[WhiteTeam "Ukraine"]
[BlackTeam "India"]
[WhiteFideId "34109293"]
[BlackFideId "5055903"]
[EventDate "2025.11.18"]

1. c4 c6 2. Nf3 d5 3. g3 Nf6 4. Bg2 Bg4 5. Ne5 Be6 6. Qc2 Nbd7 7. Nf3 g6 8. O-O
Bg7 9. Nd4 O-O 10. Nxe6 fxe6 11. d4 e5 12. cxd5 cxd5 13. Nc3 e6 14. dxe5 Nxe5
15. Qb3 Qe7 16. Bf4 Nh5 17. Bxe5 Bxe5 18. e3 Nf6 19. Rad1 Rac8 20. Nb5 Rc4 21.
a3 a6 22. Nd4 Rfc8 23. Nf3 Bb8 24. Bh3 Ne4 25. Nd4 Ng5 26. Bg2 Kh8 27. h4 Ne4
28. Qb6 Nd6 29. Bh3 e5 30. Nf3 R8c5 31. a4 h6 32. Qb3 a5 33. Rd2 Ne4 34. Rxd5
Rb4 35. Qd1 Rxd5 36. Qxd5 Bc7 37. Rc1 Nf6 38. Qd2 Bb6 39. Rc8+ Kg7 40. Qc3 Ne4
41. Qc2 Qf6 42. Bg2 Nd6 43. Rc3 Nf5 44. Rd3 Nd6 45. Qd1 Bc5 46. Rd5 b6 47. Nxe5
Rxb2 48. Nd3 Ra2 49. Qg4 Bb4 50. Kh2 h5 51. Rxh5 Nf5 52. Rg5 Be7 53. Nf4 Nh6 54.
Rxg6+ Kh7 55. Qh5 Qf8 56. Ne6 1-0

[Event "World Women's Team Pool B"]
[Site "Linares ESP"]
[Date "2025.11.18"]
[Round "1.17"]
[White "Batsiashvili, Nino"]
[Black "Tokhirjonova, Gulrukhbegim"]
[Result "1-0"]
[WhiteTitle "GM"]
[BlackTitle "IM"]
[WhiteElo "2461"]
[BlackElo "2369"]
[WhiteTeam "Georgia"]
[BlackTeam "Uzbekistan"]
[WhiteFideId "13602993"]
[BlackFideId "14203626"]
[EventDate "2025.11.18"]

1. d4 Nf6 2. Nf3 e6 3. Bf4 d5 4. e3 c5 5. Nbd2 Nc6 6. c3 Nh5 7. Bg5 f6 8. Bh4 g6
9. Be2 cxd4 10. cxd4 Be7 11. Rc1 O-O 12. a3 Ng7 13. Bg3 Nf5 14. O-O Nxg3 15.
hxg3 Qb6 16. Nb3 Na5 17. Rc3 Nxb3 18. Rxb3 Qd8 19. Qd3 Rb8 20. e4 Bd7 21. exd5
exd5 22. Nd2 Bf5 23. Qe3 a6 24. g4 Bd7 25. Bf3 Bc6 26. Nb1 Re8 27. Qd2 Bf8 28.
Re3 Qd6 29. Rxe8 Rxe8 30. Nc3 b5 31. b4 Rd8 32. Rb1 Kg7 33. g3 Bd7 34. Kg2 Be6
35. Rh1 Kg8 36. Ne2 Rc8 37. Nf4 Bf7 38. Nd3 a5 39. Nc5 axb4 40. axb4 Ra8 41. Qb2
Ra7 42. Ra1 Qb8 43. Rxa7 Qxa7 44. Be2 Be8 45. Qb3 Bc6 46. Bf3 Qa8 47. Qe3 Qc8
48. Nd3 Bd6 49. g5 Qf5 50. g4 Qd7 51. gxf6 Qf7 52. Ne5 Bxe5 53. Qxe5 h6 54. Qd6
Bb7 55. Be2 Qe8 56. Bxb5 Qe4+ 57. Kg3 h5 58. Qb8+ Kh7 59. Qxb7+ Kh6 60. Qe7
Qxg4+ 61. Kh2 Qf4+ 62. Kg2 Qg4+ 63. Kf1 Qh3+ 64. Ke2 Qg4+ 65. Kf1 Qh3+ 66. Ke1
Qc3+ 67. Ke2 Qc2+ 68. Kf1 Qb3 1-0

[Event "World Women's Team Pool B"]
[Site "Linares ESP"]
[Date "2025.11.18"]
[Round "1.18"]
[White "Omonova, Umida"]
[Black "Javakhishvili, Lela"]
[Result "0-1"]
[WhiteTitle "WIM"]
[BlackTitle "IM"]
[WhiteElo "2289"]
[BlackElo "2427"]
[WhiteTeam "Uzbekistan"]
[BlackTeam "Georgia"]
[WhiteFideId "14210363"]
[BlackFideId "13601458"]
[EventDate "2025.11.18"]

1. e4 e5 2. Nf3 Nc6 3. Bb5 Nf6 4. O-O Nxe4 5. Re1 Nd6 6. a4 Be7 7. Nc3 e4 8.
Nxe4 Nxe4 9. Rxe4 O-O 10. d4 a6 11. Bf1 d5 12. Re1 Bf5 13. c3 Bd6 14. Bd3 Qd7
15. Qc2 Bxd3 16. Qxd3 Rfe8 17. Be3 Na5 18. Nd2 b5 19. b4 Nc4 20. Nxc4 bxc4 21.
Qc2 a5 22. b5 c6 23. Rab1 Rab8 24. bxc6 Qxc6 25. Qf5 Rb3 26. Rbc1 Ba3 27. Rc2
Qg6 28. Qxg6 hxg6 29. Kf1 Bd6 30. Ra1 f6 31. g3 g5 32. Raa2 Kf7 33. Kg2 g4 34.
h3 gxh3+ 35. Kxh3 g5 36. Kg2 Kg6 37. Kf3 Reb8 38. Bc1 Rb1 39. Ke2 Kf5 40. Be3
Kg4 41. Rc1 R8b2+ 42. Rc2 Rb3 43. Bd2 Rb8 44. Be3 f5 45. Rc1 f4 46. gxf4 gxf4
47. f3+ Kg3 48. Bf2+ Kg2 49. Rxb1 Rxb1 50. Be1 Rb8 51. Rc2 Re8+ 52. Kd1+ Kxf3
53. Rf2+ Kg4 54. Rh2 f3 55. Rh7 Rg8 56. Rf7 Bg3 57. Bd2 Rh8 58. Rg7+ Kh3 59. Be1
f2 60. Bxf2 Bxf2 61. Rg5 Rd8 62. Ke2 Bh4 63. Rg7 Rd6 64. Ke3 Be1 65. Kf4 Rd8 66.
Rg1 Re8 67. Kf3 Rf8+ 68. Ke2 Bxc3 69. Rg5 Bxd4 70. Rxd5 Bb6 71. Rd6 Bc5 72. Rc6
Rf5 73. Kd2 Bb4+ 0-1

[Event "World Women's Team Pool B"]
[Site "Linares ESP"]
[Date "2025.11.18"]
[Round "1.19"]
[White "Khotenashvili, Bella"]
[Black "Karimova, Guldona"]
[Result "1-0"]
[WhiteTitle "GM"]
[BlackTitle "WIM"]
[WhiteElo "2424"]
[BlackElo "2286"]
[WhiteTeam "Georgia"]
[BlackTeam "Uzbekistan"]
[WhiteFideId "13602640"]
[BlackFideId "14210410"]
[EventDate "2025.11.18"]

1. c4 Nf6 2. g3 e5 3. Bg2 c6 4. d4 e4 5. a3 d5 6. Nc3 Be7 7. Bg5 Nbd7 8. cxd5
cxd5 9. Nh3 h6 10. Bxf6 Nxf6 11. Qb3 Bd6 12. O-O Bb8 13. f3 exf3 14. Rxf3 O-O
15. Raf1 a5 16. Rxf6 gxf6 17. Nxd5 Ra6 18. Nhf4 Bxf4 19. Rxf4 f5 20. Ne3 Re8 21.
Bf3 a4 22. Qd3 Ra5 23. Kg2 b6 24. d5 Qf6 25. Nxf5 Bxf5 26. Rxf5 Qd6 27. Rf4 Re5
28. Rg4+ Rg5 29. Rb4 Ra8 30. Qd4 Rb8 31. Rxa4 Re5 32. Rc4 Rd8 33. Rb4 Rb8 34. a4
Ree8 35. Qg4+ Kf8 36. Rc4 Qe5 37. Rc6 Qe3 38. Qh4 Kg7 39. Qf6+ Kg8 40. Rc7 Rf8
41. Rc4 1-0

[Event "World Women's Team Pool B"]
[Site "Linares ESP"]
[Date "2025.11.18"]
[Round "1.20"]
[White "Khalilova, Madinabonu"]
[Black "Arabidze, Meri"]
[Result "1/2-1/2"]
[WhiteTitle "WCM"]
[BlackTitle "IM"]
[WhiteElo "2228"]
[BlackElo "2408"]
[WhiteTeam "Uzbekistan"]
[BlackTeam "Georgia"]
[WhiteFideId "14223422"]
[BlackFideId "13604040"]
[EventDate "2025.11.18"]

1. d4 d5 2. c4 e6 3. Nf3 Nf6 4. g3 Ne4 5. Bg2 Be7 6. O-O f5 7. Qc2 c6 8. Nc3 Nd7
9. Bf4 g5 10. Be3 Nd6 11. cxd5 exd5 12. Rad1 Bf6 13. b3 O-O 14. Bc1 Re8 15. e3
Ne4 16. Bb2 Qe7 17. Rfe1 h5 18. Nd2 g4 19. f3 gxf3 20. Nxf3 h4 21. gxh4 Bxh4 22.
Nxh4 Qxh4 23. Nxe4 fxe4 24. Qf2 Qxf2+ 25. Kxf2 Nf6 26. h3 Be6 27. Rg1 Kh7 28.
Bc3 Rf8 29. Be1 Rg8 30. Bb4 Rg6 31. Rh1 Rag8 32. Rdg1 Nh5 33. Bd6 R8g7 34. Be5
Rf7+ 35. Ke1 Kh6 36. a4 Rf8 37. b4 a6 38. h4 Rfg8 39. Kf2 Bg4 40. Bh3 Rf8+ 41.
Ke1 Bxh3 42. Rxg6+ Kxg6 43. Rxh3 Kf5 44. Rh2 Rg8 45. Rf2+ Ke6 46. Kd2 Rg1 47.
Rf8 Rg2+ 48. Ke1 Rg4 49. Rb8 b5 50. Rb6 Kd7 51. a5 Rxh4 52. Rxa6 Rh3 53. Ra7+
Ke6 54. Ke2 Ng3+ 55. Kf2 Nf5 56. Rc7 Rf3+ 57. Kg1 Rxe3 58. Rxc6+ Ke7 59. Rc7+
Ke6 60. Rc6+ Ke7 61. Rc7+ Ke6 62. Rc6+ 1/2-1/2

[Event "World Women's Team Pool B"]
[Site "Linares ESP"]
[Date "2025.11.18"]
[Round "1.21"]
[White "Song, Yuxin"]
[Black "Daulyte-Cornette, Deimante"]
[Result "1/2-1/2"]
[WhiteTitle "IM"]
[BlackTitle "IM"]
[WhiteElo "2448"]
[BlackElo "2388"]
[WhiteTeam "China"]
[BlackTeam "France"]
[WhiteFideId "8614300"]
[BlackFideId "12802859"]
[EventDate "2025.11.18"]

1. e4 c5 2. Nf3 Nc6 3. Bb5 e5 4. O-O Bd6 5. d3 Nge7 6. a4 O-O 7. Nc3 Ng6 8. Bc4
Be7 9. Nd5 d6 10. c3 Be6 11. Be3 Qd7 12. Ng5 Bxg5 13. Bxg5 f6 14. Be3 Nce7 15.
Bb5 Qd8 16. Nxe7+ Qxe7 17. d4 Rac8 18. Re1 Qf7 19. Be2 Bb3 20. Qd2 Nh4 21. d5
Qg6 22. g3 Bc4 23. Bd1 Bb3 24. Be2 Bc4 25. Bd1 Bb3 26. Be2 Bc4 1/2-1/2

[Event "World Women's Team Pool B"]
[Site "Linares ESP"]
[Date "2025.11.18"]
[Round "1.22"]
[White "Hejazipour, Mitra"]
[Black "Lu, Miaoyi"]
[Result "1/2-1/2"]
[WhiteTitle "WGM"]
[BlackTitle "IM"]
[WhiteElo "2335"]
[BlackElo "2440"]
[WhiteTeam "France"]
[BlackTeam "China"]
[WhiteFideId "12505951"]
[BlackFideId "8618020"]
[EventDate "2025.11.18"]

1. d4 Nf6 2. Nf3 b6 3. c4 e6 4. g3 Ba6 5. b3 Bb4+ 6. Bd2 Be7 7. Bg2 d5 8. Nc3
O-O 9. cxd5 exd5 10. O-O Nbd7 11. Ne5 Bb7 12. Bf4 Re8 13. Rc1 Nf8 14. Nd3 Ne6
15. Be5 c6 16. Nf4 Nf8 17. Nd3 N6d7 18. Bf4 Ne6 19. Be3 Bd6 20. Qd2 Nf6 21. h3
Qe7 22. Nf4 Nf8 23. Qc2 Rac8 24. Rfd1 g5 25. Nd3 Ne4 26. Nxe4 dxe4 27. Ne5 c5
28. Ng4 cxd4 29. Bxd4 Ne6 30. Nf6+ Kf8 31. Nxh7+ Kg8 32. Nf6+ Kf8 33. Qd2 Rxc1
34. Rxc1 Ba3 35. Bb2 Rd8 36. Qc3 Nd4 37. Bxa3 Nxe2+ 38. Kh2 Qxa3 39. Nh7+ Kg8
40. Nf6+ Kf8 41. Nh7+ Kg8 42. Nf6+ Kf8 43. Nh7+ Kg8 44. Nf6+ 1/2-1/2

[Event "World Women's Team Pool B"]
[Site "Linares ESP"]
[Date "2025.11.18"]
[Round "1.23"]
[White "Guo, Qi"]
[Black "Milliet, Sophie"]
[Result "1/2-1/2"]
[WhiteTitle "IM"]
[BlackTitle "IM"]
[WhiteElo "2384"]
[BlackElo "2351"]
[WhiteTeam "China"]
[BlackTeam "France"]
[WhiteFideId "8604002"]
[BlackFideId "623725"]
[EventDate "2025.11.18"]

1. d4 Nf6 2. c4 e6 3. Nf3 Bb4+ 4. Bd2 Qe7 5. g3 Bxd2+ 6. Nfxd2 d6 7. Nc3 h5 8.
h4 Nc6 9. e3 e5 10. d5 Nd4 11. Bg2 Nf5 12. Nde4 Ng4 13. Rc1 b6 14. b4 a5 15. a3
axb4 16. axb4 O-O 17. Ng5 Bd7 18. O-O g6 19. Qb3 Rfb8 20. Ra1 Qd8 21. Nce4 Kg7
22. Qc3 Rxa1 23. Rxa1 Ra8 24. c5 Rxa1+ 25. Qxa1 bxc5 26. bxc5 Qb8 27. Bf3 Ne7
28. cxd6 cxd6 29. Qd1 Qb4 30. Qd2 Qxd2 1/2-1/2

[Event "World Women's Team Pool B"]
[Site "Linares ESP"]
[Date "2025.11.18"]
[Round "1.24"]
[White "Schippke, Manon"]
[Black "Zhai, Mo"]
[Result "0-1"]
[WhiteTitle "WIM"]
[BlackTitle "WGM"]
[WhiteElo "2339"]
[BlackElo "2384"]
[WhiteTeam "France"]
[BlackTeam "China"]
[WhiteFideId "45100446"]
[BlackFideId "8600201"]
[EventDate "2025.11.18"]

1. d4 Nf6 2. Nf3 e6 3. g3 b6 4. Bg2 Bb7 5. O-O c5 6. c4 cxd4 7. Nxd4 Bxg2 8.
Kxg2 Be7 9. Nc3 Qc8 10. e4 d6 11. Qa4+ Nfd7 12. Be3 O-O 13. Qd1 Nf6 14. Rc1 Qb7
15. f3 a6 16. Qe2 Nbd7 17. Rfd1 Rfe8 18. Bf2 Rac8 19. b3 Bf8 20. Qe3 h6 21. Qe2
Ne5 22. h3 Rc7 23. f4 Ned7 24. Nf3 Nc5 25. Bxc5 Rxc5 26. e5 dxe5 27. fxe5 Nd7
28. Ne4 Rcc8 29. Nd6 Bxd6 30. Rxd6 b5 31. Rcd1 Rc7 32. cxb5 axb5 33. R1d2 Rec8
34. Kh2 b4 35. R6d4 Nf8 36. Qe4 Qxe4 37. Rxe4 Rc2 38. Ree2 Rxd2 39. Rxd2 g5 40.
Kg2 Ng6 41. Kf2 Rc3 42. Ke2 Ne7 43. Rd3 Rc2+ 44. Rd2 Rc5 45. Kf2 Kg7 46. Rd4
Rc2+ 47. Rd2 Rc1 48. Ne1 Nd5 49. Rc2 Ra1 50. Nd3 Rh1 51. Rc4 Rh2+ 52. Kf3 Rxa2
53. Nxb4 Rd2 54. h4 Ne7 55. hxg5 hxg5 56. Kg4 Kg6 57. Rc7 Rd4+ 58. Kh3 Rxb4 59.
Rxe7 Rxb3 60. Re8 Re3 61. Rg8+ Kh6 62. Rh8+ Kg7 63. Rh5 Rxe5 64. Kg4 Kg6 65. Rh8
Re4+ 66. Kf3 f5 67. Rg8+ Kf6 68. Rf8+ Ke5 69. Rg8 g4+ 70. Kf2 Ra4 71. Rb8 Ra2+
72. Kf1 Rd2 73. Rb6 Kd5 74. Rb7 Ke4 75. Rb8 e5 76. Rb7 f4 77. gxf4 exf4 78. Rb3
Rd3 79. Rb2 Kf3 80. Rf2+ Kg3 81. Rg2+ Kh3 0-1

[Event "World Women's Team Pool B"]
[Site "Linares ESP"]
[Date "2025.11.18"]
[Round "2.13"]
[White "Osmak, Yuliia"]
[Black "Daulyte-Cornette, Deimante"]
[Result "1-0"]
[WhiteTitle "IM"]
[BlackTitle "IM"]
[WhiteElo "2452"]
[BlackElo "2388"]
[WhiteTeam "Ukraine"]
[BlackTeam "France"]
[WhiteFideId "14101602"]
[BlackFideId "12802859"]
[EventDate "2025.11.18"]

1. e4 e5 2. Nf3 Nc6 3. Bc4 Bc5 4. d3 Nf6 5. Nbd2 a6 6. c3 O-O 7. h3 d6 8. O-O
Ba7 9. Bb3 Nh5 10. Nc4 Qf6 11. Ne3 Bxe3 12. Bxe3 Nf4 13. d4 Qg6 14. Bxf4 exf4
15. Nd2 Bxh3 16. Qf3 Be6 17. Qxf4 Bxb3 18. Nxb3 Rae8 19. Rfe1 Nd8 20. d5 f5 21.
exf5 Qxf5 22. Qxf5 Rxe1+ 23. Rxe1 Rxf5 24. Nd4 Re5 25. Rxe5 dxe5 26. Nf3 Nf7 27.
Kf1 Kf8 28. Ke2 Ke7 29. Ke3 Kf6 30. c4 b6 31. b4 Nd6 32. c5 bxc5 33. bxc5 Nb7
34. c6 Nd6 35. Nd2 Ke7 36. Kd3 h5 37. f3 g6 38. Ke3 Nb5 39. Ne4 Nd4 40. Ng5 Kf6
41. f4 Nf5+ 42. Ke4 Nd6+ 43. Kf3 Kf5 44. g3 exf4 45. gxf4 h4 46. Ne6 Ne8 47. Kg2
Ke4 48. Nxc7 Nd6 49. Kh3 Kxf4 50. Kxh4 g5+ 51. Kh3 g4+ 52. Kg2 Nf5 53. Ne8 Nh4+
54. Kf1 Nf5 55. c7 1-0

[Event "World Women's Team Pool B"]
[Site "Linares ESP"]
[Date "2025.11.18"]
[Round "2.14"]
[White "Hejazipour, Mitra"]
[Black "Buksa, Nataliya"]
[Result "0-1"]
[WhiteTitle "WGM"]
[BlackTitle "IM"]
[WhiteElo "2335"]
[BlackElo "2400"]
[WhiteTeam "France"]
[BlackTeam "Ukraine"]
[WhiteFideId "12505951"]
[BlackFideId "14123622"]
[EventDate "2025.11.18"]

1. d4 d5 2. c4 e6 3. Nf3 Nf6 4. Nc3 Be7 5. Bf4 O-O 6. a3 b6 7. e3 Bb7 8. cxd5
exd5 9. b4 Nbd7 10. Qb3 c6 11. Bd3 Nh5 12. Bg3 h6 13. O-O Nxg3 14. hxg3 Nf6 15.
Rab1 Rb8 16. Qa4 a6 17. Rfc1 Ra8 18. Ne5 Qd6 19. Qc2 Nd7 20. Nf3 a5 21. e4 dxe4
22. Nxe4 Qd5 23. Nc3 Qd6 24. Bh7+ Kh8 25. Bf5 axb4 26. axb4 Nf6 27. Qb3 Bc8 28.
Bxc8 Raxc8 29. Ne5 Kg8 30. Na4 b5 31. Nb2 Qxd4 32. Nxc6 Qd6 33. Qf3 Rfe8 34. Nd3
Bf8 35. Na7 Rxc1+ 36. Rxc1 Rd8 37. Nf4 Qxb4 38. Nc6 Qd2 39. Rb1 Re8 40. Nd3 h5
41. Nce5 Bd6 42. Rxb5 Bxe5 43. Nxe5 Qe1+ 44. Kh2 Rxe5 0-1

[Event "World Women's Team Pool B"]
[Site "Linares ESP"]
[Date "2025.11.18"]
[Round "2.15"]
[White "Piddubna, Bozhena"]
[Black "Milliet, Sophie"]
[Result "0-1"]
[WhiteTitle "WFM"]
[BlackTitle "IM"]
[WhiteElo "2302"]
[BlackElo "2351"]
[WhiteTeam "Ukraine"]
[BlackTeam "France"]
[WhiteFideId "34109293"]
[BlackFideId "623725"]
[EventDate "2025.11.18"]

1. c4 e5 2. Nc3 Bb4 3. Nd5 a5 4. g3 Ne7 5. Bg2 Nxd5 6. cxd5 O-O 7. e3 d6 8. Ne2
Bg4 9. O-O Qd7 10. a3 Bc5 11. Re1 Qf5 12. Qa4 Qh5 13. Nc3 Na6 14. Qb5 f5 15. d4
exd4 16. exd4 Bxd4 17. Bf4 Nc5 18. Qc4 Bf6 19. b4 axb4 20. axb4 Rxa1 21. Rxa1
Ne4 22. Bxe4 fxe4 23. Rc1 Bxc3 24. Rxc3 Bh3 25. f3 exf3 26. Kf2 g5 27. Bd2 Bg4
28. h4 gxh4 29. Bf4 h3 30. Qd4 h2 31. Rxc7 h1=N+ 32. Ke3 Qe8+ 33. Kd2 Rf7 34.
Rxf7 Kxf7 35. Bh6 Qe2+ 36. Kc3 Qe5 0-1

[Event "World Women's Team Pool B"]
[Site "Linares ESP"]
[Date "2025.11.18"]
[Round "2.16"]
[White "Navrotescu, Andreea"]
[Black "Hnatyshyn, Anastasiia"]
[Result "0-1"]
[WhiteTitle "WGM"]
[BlackTitle "WFM"]
[WhiteElo "2265"]
[BlackElo "2191"]
[WhiteTeam "France"]
[BlackTeam "Ukraine"]
[WhiteFideId "675946"]
[BlackFideId "14198339"]
[EventDate "2025.11.18"]

1. d4 d5 2. c4 e6 3. Nc3 Nf6 4. Nf3 Nbd7 5. Bg5 Be7 6. e3 O-O 7. Rc1 b6 8. cxd5
exd5 9. Bd3 Bb7 10. O-O c5 11. Bb1 Ne4 12. Bf4 Nxc3 13. bxc3 g6 14. Qa4 a5 15.
Rfe1 Rc8 16. Bd3 c4 17. Bb1 Bc6 18. Qc2 b5 19. Qe2 Re8 20. Nd2 Ba3 21. Rcd1 b4
22. Bc2 bxc3 23. Nb1 Bb2 24. Qf3 Nb6 25. Qg3 Qd7 26. f3 Ba4 27. Re2 Bxc2 28.
Rxc2 Na4 29. h4 Rc6 30. Be5 Rb6 31. Qf2 Qb7 32. h5 f6 33. Bg3 Qe7 34. hxg6 hxg6
35. e4 Rb5 36. e5 f5 37. Bh4 Qh7 38. Qg3 Qh5 39. Kf2 Rf8 40. Bf6 f4 41. Qxf4 Rb6
42. g4 Qh3 43. Rg1 Ba1 44. Qg5 Kf7 45. Bd8 Re6 46. Bxa5 Kg8 47. Rg3 Qh2+ 48. Rg2
Qh3 49. Qe3 Nb2 50. Kg1 Rxf3 51. Qg5 Nd3 52. Qd8+ Rf8 53. Qxd5 Rf1+ 54. Kxf1
Qh1+ 55. Ke2 Nf4+ 56. Kf3 Nxd5 57. Nxc3 Bxc3 58. Bxc3 Qf1+ 0-1

[Event "World Women's Team Pool B"]
[Site "Linares ESP"]
[Date "2025.11.18"]
[Round "2.17"]
[White "Tokhirjonova, Gulrukhbegim"]
[Black "Song, Yuxin"]
[Result "1/2-1/2"]
[WhiteTitle "IM"]
[BlackTitle "IM"]
[WhiteElo "2369"]
[BlackElo "2448"]
[WhiteTeam "Uzbekistan"]
[BlackTeam "China"]
[WhiteFideId "14203626"]
[BlackFideId "8614300"]
[EventDate "2025.11.18"]

1. d4 Nf6 2. c4 e6 3. Nc3 Bb4 4. Qc2 c5 5. dxc5 O-O 6. a3 Bxc5 7. Nf3 Nc6 8. e4
Ng4 9. h3 Nxf2 10. Rh2 f5 11. b4 Bd6 12. e5 Nxe5 13. Qxf2 Nxf3+ 14. gxf3 Qf6 15.
Kd2 Bxh2 16. Qxh2 d5 17. cxd5 Bd7 18. Bb2 Rac8 19. Bd3 exd5 20. Re1 f4 21. Qf2
Bf5 22. Bxf5 Qxf5 23. Qd4 Rf7 24. Re5 Qxh3 25. Nxd5 Qg2+ 26. Re2 Rc2+ 27. Kxc2
Qxe2+ 28. Kb1 Qxf3 29. Qc4 Qg4 30. Ne7+ Kf8 31. Nc8 Qg6+ 32. Kc1 Qc6 33. Qxc6
bxc6 34. Bd4 Rd7 35. Bc5+ Kf7 36. Nxa7 Rc7 37. a4 g5 38. a5 g4 39. Kd2 Ke6 40.
a6 Kd5 41. Bb6 Re7 42. b5 cxb5 43. Nxb5 Kc6 44. Na7+ Kd7 45. Nb5 Kc6 46. Na7+
Kd7 47. Nb5 Re8 48. Nc7 Kc6 49. Nxe8 Kxb6 50. Nf6 g3 51. Ke2 Kxa6 52. Nxh7 Kb5
53. Kf3 Kc5 54. Nf6 Kd4 55. Nh5 Ke5 56. Nxf4 g2 57. Nxg2 1/2-1/2

[Event "World Women's Team Pool B"]
[Site "Linares ESP"]
[Date "2025.11.18"]
[Round "2.18"]
[White "Lu, Miaoyi"]
[Black "Omonova, Umida"]
[Result "1/2-1/2"]
[WhiteTitle "IM"]
[BlackTitle "WIM"]
[WhiteElo "2440"]
[BlackElo "2289"]
[WhiteTeam "China"]
[BlackTeam "Uzbekistan"]
[WhiteFideId "8618020"]
[BlackFideId "14210363"]
[EventDate "2025.11.18"]

1. e4 e5 2. Nf3 Nc6 3. Bc4 Bc5 4. c3 Nf6 5. d4 exd4 6. cxd4 Bb4+ 7. Nbd2 d5 8.
exd5 Nxd5 9. O-O O-O 10. Ne4 Bg4 11. a3 Be7 12. Ng3 Nb6 13. Ba2 Bf6 14. h3 Bxf3
15. Qxf3 Rb8 16. d5 Ne5 17. Qb3 a5 18. Nh5 Re8 19. Qg3 Ng6 20. Nxf6+ Qxf6 21.
Qxc7 Rbc8 22. Qxb7 Re7 23. Qa6 Nh4 24. Qd3 Na4 25. Be3 Nxb2 26. Qd2 Qg6 27. Bg5
Nxg2 28. Bb1 f5 29. Kxg2 h6 30. Bxf5 Qxf5 31. Bxe7 Nd3 32. Qe3 Nf4+ 33. Kh2 Nxd5
34. Qg3 Rc3 35. Qg4 Qe5+ 36. Kg1 Qxe7 37. a4 Nf6 38. Qf5 Rc5 39. Rae1 Qc7 40.
Qf3 Qd7 41. Rd1 Qxa4 42. Rd8+ Kh7 43. Re1 Rg5+ 44. Kh1 Qc2 45. Re7 Rf5 46. Qg2
Rg5 47. Qf3 Rf5 48. Qg2 Rg5 49. Qf3 Rf5 50. Qg2 Rg5 51. Qf3 Rf5 1/2-1/2

[Event "World Women's Team Pool B"]
[Site "Linares ESP"]
[Date "2025.11.18"]
[Round "2.19"]
[White "Karimova, Guldona"]
[Black "Guo, Qi"]
[Result "1/2-1/2"]
[WhiteTitle "WIM"]
[BlackTitle "IM"]
[WhiteElo "2286"]
[BlackElo "2384"]
[WhiteTeam "Uzbekistan"]
[BlackTeam "China"]
[WhiteFideId "14210410"]
[BlackFideId "8604002"]
[EventDate "2025.11.18"]

1. e4 e6 2. d4 d5 3. Nd2 c5 4. exd5 Qxd5 5. Ngf3 cxd4 6. Bc4 Qd6 7. O-O Nf6 8.
Nb3 Nc6 9. Nbxd4 Nxd4 10. Nxd4 Be7 11. c3 O-O 12. Qf3 Qc7 13. Bb3 a5 14. a4 Bd7
15. Re1 Bc6 16. Qh3 Rfd8 17. Bg5 h6 18. Bh4 Bd5 19. Bxd5 Nxd5 20. Bxe7 Nxe7 21.
Rad1 Nc6 22. Nxc6 bxc6 23. Rd4 Rab8 24. Rg4 Qe5 25. Kf1 Qf6 26. b4 Qf5 27. Qg3
g6 28. Rc4 Qc2 29. Qf4 axb4 30. cxb4 Qxa4 31. g3 Qb5 32. Kg1 g5 33. Qe4 Rd5 34.
Qc2 Rd6 35. Qc3 Rbd8 36. Rc5 Qb7 37. Re3 Rd4 38. Rxc6 Rd1+ 39. Kg2 R1d6 40. b5
Rc8 41. Qf6 Rcxc6 42. bxc6 Qxc6+ 43. Kh3 Qc4 44. Rc3 Qf1+ 45. Kg4 Qd1+ 46. Kh3
Qf1+ 47. Kg4 Qd1+ 48. Kh3 Qf1+ 49. Kg4 Qd1+ 1/2-1/2